Statistics for A True Minecrafter's Quiz

Click here to take the quiz!

General Stats

  • This quiz has been taken 191 times
  • The average score is 15 of 30

Answer Stats

HintAnswer% Correct
How much clay to a brick?4
87%
What mob spawns in the End City?Shulker
82%
An enderman drops:Ender Pearl
80%
What is the highest level (Or "Y" on your map) you can find diamonds on?16
75%
What block gives off the most light?Glowstone
71%
A bucket of lava smelts how many blocks in a furnace?100
69%
What year?2009
69%
What food do you need cocoa beans to craft?Cookie
67%
Which game mode will you not be able to mine or place in?Adventure
65%
What is the rarest ore?Emerald
62%
What do you name a sheep to make it change colors?jeb_
61%
What can you collect tall grass with?Shears
60%
How much gold is needed to make full golden armor, plus all tools?35
58%
What country was Minecraft made in?Sweden
58%
What biome do wolves spawn in?Forest
56%
What do you have to hold in your hand in order for a pig to follow you? A __________.Carrot
52%
What enchantment makes a diamond pickaxe mine ice?Silk Touch
52%
Which makes a bow never run out of arrows as long as it has one?Infinity
50%
What do you call a villager struck by lightning? A _____Witch
48%
There is a _._ percent chance of a Wither Skeleton dropping a head?2.5
46%
When harvested, a potato has a one in one hundred chance of becoming a:Poisonous Potato
42%
What mob spawns on or below level 40?Slime
42%
Polar Bears will come out in Version:1.10
39%
Who is the main character of Minecraft Story Mode?Jesse
35%
What is the biome Emerald Ore can be found in?Extreme Hills
26%
Which music disc is red?Chirp
24%
The Minecraft parody of "Thriller" by Michael Jackson, is called:Creeper
20%
What do you have to name anything to make it spawn upside down?Grumm
19%
Which flower will grant you pink dye?Peony
18%
What block can you mine instantly?TNT
13%

Score Distribution

Percentile by Number Answered

Percent of People with Each Score

Your Score History

You have not taken this quiz